CUADERNOS DEL SUR : (Record no. 59800)

MARC details
000 -CABECERA
campo de control de longitud fija 00346nam a2200121 a 4500
005 - FECHA Y HORA DE LA ÚLTIMA TRANSACCIÓN
campo de control 20210219152742.0
008 - ELEMENTOS DE LONGITUD FIJA--INFORMACIÓN GENERAL
campo de control de longitud fija 991125n 000 0 fre u
035 ## - NÚMERO DE CONTROL DEL SISTEMA
Número de control de sistema UPN01000059927
245 00 - MENCIÓN DE TÍTULO
Título CUADERNOS DEL SUR :
Resto del título REVISTA DE CIENCIAS SOCIALES
260 ## - PUBLICACIÓN, DISTRIBUCIÓN, ETC.
Lugar de publicación, distribución, etc. Oaxaca, Oaxaca, México
Nombre del editor, distribuidor, etc. INAH,CIESAS,IISUABJO
904 ## - ELEMENTOS DE DATOS D LOCAL, LDD (RLIN)
a AC
b 00659
905 ## - TIPO DE MATERIAL
Tipo de material Revista
Holdings
Estado de retiro Estado de pérdida Fuente del sistema de clasificación o colocación Estado dañado No para préstamo Código de colección Localización permanente Ubicación/localización actual Ubicación en estantería Enumeración/cronología de publicación seriada Total de préstamos Código de barras Fecha visto por última vez Número de copia Tipo de ítem Koha
    Library of Congress Classification   Disponible (Préstamo en sala) Revistas Bib. Gregorio Torres Quintero Bib. Gregorio Torres Quintero Hemeroteca Sótano Año 5, no. 14 (1999 may.)   5992710 31/12/2020 1 Revista Impresa
    Library of Congress Classification   Disponible (Préstamo en sala) Revistas Bib. Gregorio Torres Quintero Bib. Gregorio Torres Quintero Hemeroteca Sótano Año 9, no. 19 (2003 ago.)   5992720 31/12/2020 1 Revista Impresa